00281nam a2200121Ia 4500008004100000082001300041100001900054245003000073250000800103260003200111300000800143650000800151191201s2013 xx 000 0 und d a301bMAI aBHUSHAN, Vidya 0aIntroduction to Sociology aRep aN. DelhibKitab Mahalc2013 a936 aBBA